L.A. Woman -albumi (1971) - Statistics

Yleistilastot
  • Tätä visaa on pelattu 5 kertaa
  • Keskiarvotulos 3 / 10
Vastaustilastot
Kappale % Oikein
L.A. Woman
100%
L'America
50%
Cars Hiss by My Window
25%
Crawling King Snake
25%
Hyacinth House
25%
Love Her Madly
25%
Riders on the Storm
25%
The Changeling
25%
The WASP (Texas Radio and the Big Beat)
25%
Been down so Long
0%
Ehtoja vastaavia visoja ei löytynyt
Tulosjakauma
Jokaisen tuloksen saaneiden osuus
Persentiili vastausten määrän mukaan
Tuloshistoriasi
Et ole pelannut tätä visaa